
Library Catalogue

| 000 -LEADER | |
|---|---|
| fixed length control field | 01209nam a2200217Ia 4500 |
| 003 - CONTROL NUMBER IDENTIFIER | |
| control field | OSt |
| 005 - DATE AND TIME OF LATEST TRANSACTION | |
| control field | 20210304102325.0 |
| 008 - FIXED-LENGTH DATA ELEMENTS--GENERAL INFORMATION | |
| fixed length control field | 160316s2008 xxu||||| |||| 00| 0 eng d |
| 020 ## - INTERNATIONAL STANDARD BOOK NUMBER | |
| International Standard Book Number | 9788188575862 |
| 040 ## - CATALOGING SOURCE | |
| Transcribing agency | n |
| 082 ## - DEWEY DECIMAL CLASSIFICATION NUMBER | |
| Classification number | 823.000000 |
| Item number | RAJ |
| 100 ## - MAIN ENTRY--PERSONAL NAME | |
| Personal name | Raheja Rushar |
| 245 ## - TITLE STATEMENT | |
| Title | Anything for you, madam : An IItians love story |
| 260 ## - PUBLICATION, DISTRIBUTION, ETC. | |
| Place of publication, distribution, etc. | New Delhi |
| Name of publisher, distributor, etc. | Shrishti Publishers |
| Date of publication, distribution, etc. | 2008 |
| 300 ## - PHYSICAL DESCRIPTION | |
| Extent | 231p |
| 365 ## - TRADE PRICE | |
| Price amount | Gratis |
| 505 ## - FORMATTED CONTENTS NOTE | |
| Formatted contents note | Summary: <br/>Tejas can’t help falling madly in love with his sister’s beautiful best friend Shreya even though she lives at the other end of the nation, in Chennai….and he would do anything for her….even jeopardize his career to travel the length of the country just to meet her.<br/><br/>Thus begins Tejas’s extremely eventful and humorous journey where Mr. Fate pits him, as only he can, against Professor Sidhu who would do anything to stop him; and conjures a host of interesting characters who travel some part of his journey with him weaving together extremely witty plots….and well, Mr. Fate, it seems, has more roles in his ingenious mind for "Biobull" than just remain a rocking bus |
| 650 ## - SUBJECT ADDED ENTRY--TOPICAL TERM | |
| Topical term or geographic name entry element | 1. Fiction |
| 700 ## - ADDED ENTRY--PERSONAL NAME | |
| Personal name | |
| -- | |
| 942 ## - ADDED ENTRY ELEMENTS (KOHA) | |
| Source of classification or shelving scheme | Dewey Decimal Classification |
| Koha item type | BOOKs |
| Withdrawn status | Lost status | Source of classification or shelving scheme | Damaged status | Not for loan | Home library | Current library | Shelving location | Date acquired | Total Checkouts | Full call number | Barcode | Date last seen | Price effective from | Koha item type |
|---|---|---|---|---|---|---|---|---|---|---|---|---|---|---|
| Dewey Decimal Classification | . | . | Library Compactors | 30.05.2017 | 823 RAH | 32275 | 30.05.2017 | 30.05.2017 | BOOKs |